সাদা-কালো / (Record no. 955)

MARC details
000 -LEADER
fixed length control field 00731nam a22002057a 4500
003 - CONTROL NUMBER IDENTIFIER
control field BD-DhCDI
005 - DATE AND TIME OF LATEST TRANSACTION
control field 20260401081246.0
008 - FIXED-LENGTH DATA ELEMENTS--GENERAL INFORMATION
fixed length control field 260401b bg ||||| |||| 00| 0 ben d
020 ## - INTERNATIONAL STANDARD BOOK NUMBER
International Standard Book Number 978 984 697 029 6
Qualifying information Hard Cover
040 ## - CATALOGING SOURCE
Original cataloging agency BD-DhCDI
Language of cataloging BD-DhCDI
Transcribing agency BD-DhCDI
082 ## - DEWEY DECIMAL CLASSIFICATION NUMBER
Edition number 23
Classification number 891.443
Item number HAS 2026
100 ## - MAIN ENTRY--PERSONAL NAME
Personal name হাসান, ফেরদৌস
Relator term লেখক
9 (RLIN) 1784
245 ## - TITLE STATEMENT
Title সাদা-কালো /
Statement of responsibility, etc. ফেরদৌস হাসান
246 ## - VARYING FORM OF TITLE
Title proper/short title Sadha-kalo
260 ## - PUBLICATION, DISTRIBUTION, ETC.
Place of publication, distribution, etc. Dhaka;
Name of publisher, distributor, etc. জিনিয়াস,
Date of publication, distribution, etc. বইমেলা ২০২৬.
300 ## - PHYSICAL DESCRIPTION
Extent 176 p.:
Dimensions 21.5 cm.
650 ## - SUBJECT ADDED ENTRY--TOPICAL TERM
Topical term or geographic name entry element Bangla Literature
9 (RLIN) 1785
651 ## - SUBJECT ADDED ENTRY--GEOGRAPHIC NAME
Geographic name বাংলা উপন্যাস/গল্প
Geographic subdivision Bangladesh
9 (RLIN) 1786
942 ## - ADDED ENTRY ELEMENTS (KOHA)
Source of classification or shelving scheme Dewey Decimal Classification
Koha item type Books
Holdings
Withdrawn status Lost status Source of classification or shelving scheme Damaged status Not for loan Collection code Home library Current library Shelving location Date acquired Source of acquisition Total Checkouts Full call number Barcode Date last seen Copy number Price effective from Koha item type
    Dewey Decimal Classification     Fiction Caritas Development Institute Library Caritas Development Institute Library New Materials Shelf 15/03/2026 Purchase   891.443 HAS 2026 12390 01/04/2026 1 01/04/2026 Books